| 000 | 01035nam a2200277Ia 4500 | ||
|---|---|---|---|
| 003 | OSt | ||
| 005 | 20220923211008.0 | ||
| 006 | a|||||r|||| 00| 0 | ||
| 007 | ta | ||
| 008 | 220922b |||||||| |||| 00| 0 hin d | ||
| 020 |
_a8170281458 (hbk) _c90 |
||
| 024 | _a324,833 | ||
| 037 |
_b397, 12/03/2018, Eastern Book Linkers _cTextual |
||
| 040 |
_aARTS _cARTS _bhin |
||
| 041 |
_2hin _ahin |
||
| 082 | _aO152,3N27x, N3 | ||
| 100 |
_aवैद, कृष्ण बलदेव, ले. _9156948 |
||
| 245 | 0 | _aलीला और अन्य कहानियॉं | |
| 246 | _aLīlā aur anya kahāniyaॉan | ||
| 260 |
_aदिल्ली _b राजपाल एण्ड सन्ज़ _c1993 |
||
| 300 |
_a200पृ. _ccm. |
||
| 650 |
_a हिन्दी साहित्य _9156264 |
||
| 650 | _aहिन्दी कहानी | ||
| 942 |
_hO152,3N27x, N3 _cTEXL _2CC |
||
| 999 |
_c293659 _d293659 |
||